00750 a2200205 4500010001400000020002300014035001300037037001800050082001300068090001500081100002300096245008200119260003700201270005000238300002600288500004900314942002800363999001500391952013800406 aENG-85895 a0761935126c250.00 aEN-69428 bD.B.Act / Pub14a308.4833 c3632d363214aSrinivasa, Srinath1 aThe power law of informationcby Srinath Srinivasablife in a connected world aNew DelhibResponse Books,c2006 aB-12, Panchsheel Enclave,bNew Delhie110 017 a184 p.b22 cm ( Pbk.) aIncludes bibliographical refrences and index adplcENk308.4833 / SRI c3561d3561 00102ddc40718NFICaDBADbDBADeDBAD/PUBg250.00l0o308.4833 SRIpEN-69428 r2008-09-15 00:00:00t1u3886v250.00w2008-09-15yEN